000 00699nam a22002415i 4500
020 _a9780323640077
020 _z9780323640107
042 _apcc
082 _a612
_bHAL
100 1 _aHall, John,
245 1 0 _aPocket companion to guyton and hall textbook of medical /
250 _a14.
260 _aIslamabad
_bParamount
_c2021
264 1 _aPhiladelphia :
_bElsevier, Inc,
_c2020.
300 _apages cm
336 _atext
_btxt
_2rdacontent
337 _aunmediated
_bn
_2rdamedia
338 _avolume
_bnc
_2rdacarrier
650 _aPhysiology
_vMembrane Physiology
_vThe Heart
_vIMDC
906 _a0
_bibc
_corignew
_d2
_eepcn
_f20
_gy-gencatlg
942 _2ddc
_cBK
999 _c12316
_d12316